ბათუმის შოთა რუსთაველის სახელმწიფო უნივერსიტეტის ბიბლიოთეკა

მეშვიდე ცა;თვალი პატიოსანი (ბიბ.ჩანაწერი № 43584)

000 -LEADER
fixed length control field 00670nam a2200205Ia 4500
001 - CONTROL NUMBER
control field 10318
003 - CONTROL NUMBER IDENTIFIER
control field GE_BSU
008 - FIXED-LENGTH DATA ELEMENTS--GENERAL INFORMATION
fixed length control field 181216s||||||||xx |||||||||||||| ||und||
040 ## - CATALOGING SOURCE
Transcribing agency GE_BSU
080 ## - UNIVERSAL DECIMAL CLASSIFICATION NUMBER
Universal Decimal Classification number 821.353.1–31
100 ## - MAIN ENTRY--PERSONAL NAME
Personal name ფანჯიკიძე,გურამ
245 ## - TITLE STATEMENT
Title მეშვიდე ცა;თვალი პატიოსანი
245 ## - TITLE STATEMENT
Remainder of title რომანები
260 ## - PUBLICATION, DISTRIBUTION, ETC.
Place of publication, distribution, etc. თბილისი
260 ## - PUBLICATION, DISTRIBUTION, ETC.
Name of publisher, distributor, etc. საბჭოთა საქართველო
260 ## - PUBLICATION, DISTRIBUTION, ETC.
Date of publication, distribution, etc. 1974
300 ## - PHYSICAL DESCRIPTION
Extent 544გვ.:ილ.;21სმ.
653 ## - INDEX TERM--UNCONTROLLED
Uncontrolled term მეშვიდე ცა;თვალი პატიოსანი
942 ## - ADDED ENTRY ELEMENTS (KOHA)
Koha item type წიგნი
ეგზემპლარები
Withdrawn status Lost status Damaged status Not for loan Date acquired Barcode Date last seen Price effective from Koha item type
        2018-12-17 34043 2018-12-17 2018-12-17 წიგნი